LEADER 00979nam a2200241 4500 001 000000355940 003 CaOOAMICUS 005 20231025121523.0 008 231025s2017 it 000 u ita r 040 $aSeMil$bita 100 1 $aFoer, Jonathan Safran,$d<1977- >.$0(OLS)http://semarc/name/109425 240 10$aEverything is illuminated.$0(OLS)http://semarc/title/446157 245 10$aOgni cosa è illuminata /$cJonathan Safran Foer. 264 1$a[Roma] :$bLa biblioteca di repubblica-L'espresso,$c2017. 300 $a364 p. ;$c22 cm 490 1 $aDuemila ;$v7 830 0$aDuemila ;$v7.$0(OLS)http://semarc/title/445940 850 $aSeMil 852 $aSeMil$W1$xVenegono$y1$m1T IV 27$j244232$B247128$CSeMilBibl$Z2$F247128 $81 961 $aComo don Giuseppe - Omaggio 996 $6245$aOgni cosa è illuminata$9(OLS)http://semarc/title/446158 996 $6264$a[Roma] :$bLa biblioteca di repubblica-L'espresso$9(OLS)http://semarc/publisher/61326 LEADER 01656nam a2200265 i 4500 001 000000027650 003 CaOOAMICUS 005 20210525133850.0 008 180830s18561890it u000 u lat u 040 $aSeMil$bita 110 2 $aChiesa Cattolica : Congregazione dei riti.$0(OLS)http://semarc/name/552 245 10$aDecreta authentica congregationis sacrorum rituum :$bex actis eiusdem collecta /$ccura et studio Aloisii Gardellini. 250 $aEditio tertia novissimis locupletata eiusdem s. congregatioonis decretis usque ad annum 1856. 260 $aRomae :$bTypis S. Congregationis De Propaganda Fide,$c1856-1890. 300 $a5 v. ;$c27 p. 650 4$aSacre Congregazioni - Congregazione dei riti.$0(OLS)http://semarc/subject/57994 700 1 $aGardellini, Luigi,$d<1759-1829>.$0(OLS)http://semarc/name/12490 774 0 $tAb anno 1588 num. 1 usque ad 20. novembris 1677 num. 2849.$g1$w()52184 774 0 $tAb anno 1678 num. 2850 usque ad diem 18 decembris 1779 num. 4395.$g2$w()216794 774 0 $tAb anno 1780 num. 4396 usque ad diem 27 maii 1826 num. 4620 cui accedit appendix prima continuationis decretorum ..$g3$w()216795 774 0 $tAppendix 2. continens continuationem decretorum ab anno 1837 num. 4811. usque ad diem 29. novembris 1856. num. 5230.$g4$w()216796 774 0 $t3., 4. et 5 appendices ab anno 1857 ad 1887 seu a num. 5231 ad 5993.$g5$w()216797 996 $6245$aDecreta authentica congregationis sacrorum rituum :$bex actis eiusdem collecta$9(OLS)http://semarc/title/37442 996 $6260$aRomae :$bTypis S. Congregationis De Propaganda Fide$9(OLS)http://semarc/publisher/37172